000 01645aam a2200325 i 4500
999 _c35734
_d35734
001 768714001
003 CO-MdFUSB
005 20200810155359.0
007 ta
008 200810t1986 -us |||| |||| 00| 0 spa d
020 _a0829706437
040 _bspa.
_aCO-MdFUSB
_cCO-MdFUSB
_dCO-MdFUSBC
_erda
041 _aspa
082 0 4 _223
_a248.32
_bS5537c
100 1 _aSherrer, Quin
_eautor
240 _aHow to pray for your children
245 1 0 _aCómo orar por los hijos?
_c/ Quin Sherrer ; traducido por Jorge S. Somoza
264 1 _aFlorida, USA :
_bVida,
_c[1975]
264 4 _c© 1975
300 _a134 Páginas
_c; 18 cm
336 _atexto
_btxt
_2rdacontent
337 _2rdamedia
_asin mediación
_bn
338 _2rdacarrier
_avolumen
_bnc
505 _aOrando por nuestros hijos. -- Orando por nuestras familias. -- Entregando a nuestros hijos. -- Orando eficacia. -- Orando de acuerdo. -- Orando por los amigos de nuestros hijos. -- Orando por los que tienen autoridad sobre nuestros hijos. -- Orando en el Espíritu. -- Orando durante el conflicto. -- Orando en medio de la aflicción. -- Orando por nuestros hijos descarriados. -- Orando con fe. -- Orando por nuestros hijos creyentes. -- Orando por nuestros hijos casados. -- Orando por nuestros hijos incapacitados. -- Orando por los que aún no han nacido. -- Orando por nuestros hijos enfermos o a punto de morir. -- Orando por nuestros nietos. -- Orando sin sentido de culpa. -- Dejando una herencia de oración.
563 _aRústico
650 0 _aVida cristiana
_919
700 _94772
_aSomoza, Jorge S.
_etraductor
942 _cBK
945 _aJTF-925